La realidad primaria de lo económico y el sentido de la economía / (Record no. 81448)

MARC details
000 -LEADER
campo de control de longitud fija 00469nam a2200157 i 4500
001 - NÚMERO DE CONTROL
campo de control 81448
003 - IDENTIFICADOR DE NÚMERO DE CONTROL
campo de control ES-MaACL
005 - FECHA Y HORA DE LA ÚLTIMA TRANSACCIÓN
campo de control 20230906174435.0
007 - CAMPO FIJO DE DESCRIPCIÓN FÍSICA--INFORMACIÓN GENERAL
campo de control de longitud fija t|
008 - DATOS DE LONGITUD FIJA--INFORMACIÓN GENERAL
campo de control de longitud fija 041104s1967 sp ||||1| spa d
100 1# - ENTRADA PRINCIPAL--NOMBRE DE PERSONA
Nombre de persona Huarte, Juan.
9 (RLIN) 64468
245 13 - MENCIÓN DEL TÍTULO
Título La realidad primaria de lo económico y el sentido de la economía /
Mención de responsabilidad, etc. Juan Huarte.
260 ## - PUBLICACIÓN, DISTRIBUCIÓN, ETC.
Lugar de publicación, distribución, etc. [S.l. :
Nombre del editor, distribuidor, etc. s.n.,
Fecha de publicación, distribución, etc. 1967] (
Lugar de fabricación/manufactura Madrid :
Fabricante A.G. Mag)
300 ## - DESCRIPCIÓN FÍSICA
Extensión 115 p. ;
Dimensiones 24 cm.
852 ## - LOCALIZACIÓN
Ubicación ES-MaACL
Número de control de estantería C-46668
Sublocalización o colección R.64798
Holdings
Estatus retirado Estado de pérdida Estado de daño No para préstamo Biblioteca de origen Biblioteca actual Ubicación en estantería Fecha de adquisición Fuente de adquisición Total de préstamos Signatura topográfica completa Código de barras Visto por última vez Precio de reemplazo Tipo de ítem Koha
        Biblioteca del Ateneo de Madrid Biblioteca del Ateneo de Madrid Depósito 2 17/01/2008     C-46668 1085140 23/02/2023 23/02/2023 Libro impreso